Cézanne / (Record no. 57477)

MARC details
000 -LEADER
campo de control de longitud fija 00622nam a2200217 i 4500
001 - NÚMERO DE CONTROL
campo de control 57477
003 - IDENTIFICADOR DE NÚMERO DE CONTROL
campo de control ES-MaACL
005 - FECHA Y HORA DE LA ÚLTIMA TRANSACCIÓN
campo de control 20250605123846.0
007 - CAMPO FIJO DE DESCRIPCIÓN FÍSICA--INFORMACIÓN GENERAL
campo de control de longitud fija t|
008 - DATOS DE LONGITUD FIJA--INFORMACIÓN GENERAL
campo de control de longitud fija 031016s1948 fr f |||| | fre d
080 ## - NÚMERO DE LA CLASIFICACIÓN DECIMAL UNIVERSAL
Número de la Clasificación Decimal Universal 75 Cézanne, Paul
100 1# - ENTRADA PRINCIPAL--NOMBRE DE PERSONA
Nombre de persona Dorival, Bernard.
9 (RLIN) 45407
245 10 - MENCIÓN DEL TÍTULO
Título Cézanne /
Mención de responsabilidad, etc. par Bernard Dorival.
260 ## - PUBLICACIÓN, DISTRIBUCIÓN, ETC.
Lugar de publicación, distribución, etc. [París] :
Nombre del editor, distribuidor, etc. Pierre Tisné,
Fecha de publicación, distribución, etc. [1948] (
Lugar de fabricación/manufactura Dijon :
Fabricante Darantiére)
300 ## - DESCRIPCIÓN FÍSICA
Extensión 202 p., 190 lám. ;
Dimensiones 26 cm.
490 1# - MENCIÓN DE SERIE
Mención de serie Prométhée
600 14 - PUNTO DE ACCESO ADICIONAL DE MATERIA--NOMBRE DE PERSONA
Nombre de persona Cézanne, Paul,
Fechas asociadas al nombre 1839-1906
9 (RLIN) 240803
830 0# - PUNTO DE ACCESO ADICIONAL DE SERIE-TÍTULO UNIFORME
Título uniforme Prométhée
9 (RLIN) 182618
852 ## - LOCALIZACIÓN
Ubicación ES-MaACL
Número de control de estantería A-167
Holdings
Estatus retirado Estado de pérdida Estado de daño No para préstamo Biblioteca de origen Biblioteca actual Ubicación en estantería Fecha de adquisición Fuente de adquisición Total de préstamos Signatura topográfica completa Código de barras Visto por última vez Precio de reemplazo Tipo de ítem Koha
        Biblioteca del Ateneo de Madrid Biblioteca del Ateneo de Madrid Sala Pecera Planta 1 17/01/2008     A-167 1060340 23/02/2023 23/02/2023 Libro impreso